| 000 | 00471nam a22001697a 4500 | ||
|---|---|---|---|
| 999 |
_c2049 _d2049 |
||
| 003 | SLTCLib | ||
| 008 | 260625b ce ||||| |||| 00| 0 eng d | ||
| 041 | _aEnglish | ||
| 080 |
_a621.397.7 _bBOS |
||
| 100 |
_aBose, Tamal _93628 |
||
| 245 | _aDigital Signal and Image Processing | ||
| 260 |
_aIndia _bJohn Wiley and Sons Inc _c2004 |
||
| 300 | _a706p. | ||
| 650 | 0 |
_92451 _a Signal processing |
|
| 650 | 0 |
_92308 _a Image processing -- Digital techniques |
|
| 942 |
_2ddc _cMLN |
||
| 945 |
_a3725 _bIshara wickramage _c3725 _dIshara wickramage |
||